Discurso pronunciado por el señor don Enrique Pérez Lirio en el Teatro de Cervantes de Málaga el día 9 de mayo de 1905. (Record no. 119434)

MARC details
000 -LEADER
campo de control de longitud fija 00900nam a2200205 4500
001 - NÚMERO DE CONTROL
campo de control 119434
003 - IDENTIFICADOR DE NÚMERO DE CONTROL
campo de control ES-MaACL
005 - FECHA Y HORA DE LA ÚLTIMA TRANSACCIÓN
campo de control 20250713041034.0
007 - CAMPO FIJO DE DESCRIPCIÓN FÍSICA--INFORMACIÓN GENERAL
campo de control de longitud fija t|
008 - DATOS DE LONGITUD FIJA--INFORMACIÓN GENERAL
campo de control de longitud fija 070214s1905 sp r ||||1| spa d
080 ## - NÚMERO DE LA CLASIFICACIÓN DECIMAL UNIVERSAL
Número de la Clasificación Decimal Universal 821.134.2 Cervantes Saavedra, Miguel de 7 Quijote.07
100 1# - ENTRADA PRINCIPAL--NOMBRE DE PERSONA
Nombre de persona Pérez Lirio, Enrique.
9 (RLIN) 90966
245 10 - MENCIÓN DEL TÍTULO
Título Discurso pronunciado por el señor don Enrique Pérez Lirio en el Teatro de Cervantes de Málaga el día 9 de mayo de 1905.
260 ## - PUBLICACIÓN, DISTRIBUCIÓN, ETC.
Lugar de publicación, distribución, etc. Málaga :
Nombre del editor, distribuidor, etc. [s.n.],
Fecha de publicación, distribución, etc. 1905 (
Fabricante Tip. La Moderna)
300 ## - DESCRIPCIÓN FÍSICA
Extensión 30 p. ;
Dimensiones 26 cm.
500 ## - NOTA GENERAL
Nota general Precede al título: III Centenario de la Impresión de "El Quijote"
600 14 - PUNTO DE ACCESO ADICIONAL DE MATERIA--NOMBRE DE PERSONA
Nombre de persona Cervantes Saavedra, Miguel de,
Fechas asociadas al nombre 1547-1616.
Título de la obra Don Quijote de la Mancha-
Subdivisión de forma Aniversarios y centenarios
9 (RLIN) 37614
852 ## - LOCALIZACIÓN
Ubicación ES-MaACL
Número de control de estantería 2240-F-1
Nota libre .- Dedicatoria autógrafa del autor al presidente del Ateneo de Madrid
Holdings
Estatus retirado Estado de pérdida Estado de daño No para préstamo Colección Biblioteca de origen Biblioteca actual Ubicación en estantería Fecha de adquisición Fuente de adquisición Total de préstamos Signatura topográfica completa Código de barras Visto por última vez Precio de reemplazo Tipo de ítem Koha
        Colección de folletos Biblioteca del Ateneo de Madrid Biblioteca del Ateneo de Madrid Depósito folletos 17/01/2008     2240-F-1 1124498 23/02/2023 23/02/2023 Folleto